Tvorba marketingového mixu v neziskovej organizácii

Saved in:
Bibliographic Details
Main Author: Hanuláková, Eva, 1964-
Format: Book Chapter
Language:Slovak
Subjects:
Tags: Add Tag
No Tags, Be the first to tag this record!

MARC

LEADER 00000naa$a2200000$$$4500
001 0204454
005 20240502073419.9
041 0 |a slo 
044 |a SK 
245 1 0 |a Tvorba marketingového mixu v neziskovej organizácii  |c Eva Hanuláková 
610 2 0 |a organizácie neziskové 
610 2 0 |a marketing mix 
610 2 0 |a zákazníci 
610 2 0 |a stratégia marketingová 
100 1 |a Hanuláková, Eva, 1964-